000 00813cam a22002051 4500
001 e 14001336
003 DLC
005 20260227111202.0
008 800320s1878 nju 000 0beng
010 _ae 14001336
035 _a(OCoLC)6108331
040 _aDLC
_cUU
_dDLC
042 _apremarc
050 0 0 _aBV4070.P759
_bH7
100 1 _aAtwater, Lyman Hotchkiss,
_d1813-1883.
245 1 2 _aA discourse commemorative of the late Dr. Charles Hodge.
_bDelivered in the chapel of the College of New Jersey by request of the president, October 13th, and repeated in the First Presbyterian Church, Princeton, at the request of its session, October 20th, 1878,
_cby Lyman H. Atwater.
260 _aPrinceton,
_bC. S. Robinson, printer,
_c1878.
300 _a24 p.
_c22 cm.
600 1 0 _aHodge, Charles, d 1797-1878.
999 _c19692
_d19692